01127nam a2200265Ia 4500003000900000008004100009020001800050040001600068080002100084111008900105245024700194260004200441300001600483490002600499500002600525650004100551650002200592650002500614700003000639700003500669710003800704942000700742999001500749952009700764IN-BaIIA211028s9999 xx 000 0 eng d a90-277-0578-X cIIA Library a082.2:52bIAU-67 aInternational Astronomical Union Symposiumn67thcUSSRd1974 July 29 - Aug. 4912942 0aVariable stars and stellar evolutionsbproceedings of the International Astronomical Union Symposium No.67 held in Moscow, USSR July 29 to August 4, 1974cedited by Vicki E. Sherwood and Lukas Plaut  aDordrechtbD. Reidel Publishingc1975 axvii, 614p. aIAU Symposium; no. 67 aDonated by Mrs. Bappu aAstronomy and Astrophysics Thesaurus aStellar Evolution aVariable Stars91140 aPlaut, Lukas., ed.912943 aSherwood, Vicki E., ed.912944 aInternational Astronomical Union  cBK c7655d7655 00104070aBANbBANcGENd1983-07-26l0o082.2:52/ IAU-67p8469r2021-11-05w1983-07-26yBK